| 000 | 00445nam a2200157 a 4500 | ||
|---|---|---|---|
| 005 | 20140310183323.0 | ||
| 008 | 060303s19uu xx 00 eng d | ||
| 020 | _a0345300203 | ||
| 050 |
_aPT 2603 _b.P317 1982 |
||
| 100 | _aPatterson, Richard North | ||
| 245 |
_aThe outside man / _cRichard North Patterson. _ba novel : |
||
| 260 |
_aNew York : _bBallantine Books, _c1982. |
||
| 300 |
_a303 p. : _c18 cm. |
||
| 942 |
_cBK _2lcc |
||
| 999 |
_c21456 _d21456 |
||